1730 1489 1770 1021 1732 1909 1295 1935 1935 1395 1452 1757 1950 1380 1398 1936 1721 1857 1466 1173 1896 1863 1721 1886 1867 1816 1435 1115 1896 1070 1029 1422 1431 1242 1156 1094 1497 1243 1755 1873 1410 1941 1260 1230 1551 1449 1307 1332 1148 1635 1989 1357 1687 1703 1730 1064 1264 1986 1061 1680 1517 1193 1999 1562 1098 1452 1926 1572 1411 1055 1851 1281 1125 1639 1482 1798 1446 1823 1517 1592 1581 1703 1855 1120 1550 1407 1296 1515 1955 1607 1472 1436 1396 1363 1644 1528 2000 1732 1506 BCNSPRNW ULIB Ver.6.0+V

เปลี่ยนเป็นภาษาไทย

Change to English
 แสดงรายละเอียดบรรณานุกรม
  กลับหน้าหลัก

Brief Record : Get Marc (ISO 2709) : E-mail record : QR code < ปิดหน้าต่าง
LEADER : 00000nam 2200000uu 4500
001    13399108494
003     ULIB
008    110306s2553||||th 000 0 tha d
020    9786167287218
060 04 QZ200^bค695
245 00 คู่มือทักษะการสื่อสารเพื่อดูแลผู้ป่วยมะเร็ง /^cศูนย์ฝึกอบรมทักษะการสื่อสาร ฝ่ายกุมารเวชศาสตร์ โรงพยาบาลจุฬาลงกรณ์ ; บรรณาธิการ, ชิษณุ พันธุ์เจริญ, จรุงจิตร์ งามไพบูลย์
246 14 ทักษะการสื่อสารเพื่อดูแลผู้ป่วยมะเร็ง :^bฉบับพกพา
246 30 ทักษะการสื่อสารเพื่อดูแลผู้ป่วยมะเร็ง
260    กรุงเทพฯ :^bธนาเพรส,^c2553
300    103 หน้า ;^c19 ซม.
650  7 การสื่อสารทางการแพทย์^vคู่มือ
650  7 ผู้ป่วยมะเร็ง^xการดูแล
650  7 ผู้ป่วยมะเร็ง^xการพยาบาล
700 0  ชิษณุ พันธุ์เจริญ,^eบรรณาธิการ
700 0  จรุงจิตร์ งามไพบูลย์,^eบรรณาธิการ
710 2  โรงพยาบาลจุฬาลงกรณ์. ^bฝ่ายกุมารเวชศาสตร์.^bศูนย์ฝึกอบรมทักษะการสื่อสาร
945    ^p90^l0^i18012
945    ^p90^l0^i18013
945    ^p90^l0^i18014
995    เกษร
999 ^a ใช้งานได้ทุกระบบ
รายการนี้ยังไม่มีแท็ก
คุณยังไม่ได้ล็อกอิน คุณสามารถมีกิจกรรมร่วมกับเว็บไซต์ได้ แต่ต้องล็อกอินก่อน ::
  ล็อกอิน

รายการสื่อสารสนเทศ

ลำดับที่ ประเภท เลขเรียก/บาร์โค้ด สถานที่ สถานะ
1. วิทยาศาสตร์การแพทย์ และสุขภาพ
วิทยาศาสตร์การแพทย์ และสุขภาพ
สถานะ=หนังสือเก่า
QZ200 ค695  
  Barcode: 18012
ห้องสมุดวิทยาเขตนครสวรรค์
►ส่วนจัดเก็บหนังสือเก่า นว.
บนชั้น
  ขอยืม
2. วิทยาศาสตร์การแพทย์ และสุขภาพ
วิทยาศาสตร์การแพทย์ และสุขภาพ
สถานะ=หนังสือเก่า
QZ200 ค695 ฉ.2 
  Barcode: 18013
ห้องสมุดวิทยาเขตนครสวรรค์
►ส่วนจัดเก็บหนังสือเก่า นว.
บนชั้น
  ขอยืม
3. วิทยาศาสตร์การแพทย์ และสุขภาพ
วิทยาศาสตร์การแพทย์ และสุขภาพ
สถานะ=หนังสือเก่า
QZ200 ค695 ฉ.3 
  Barcode: 18014
ห้องสมุดวิทยาเขตนครสวรรค์
►ส่วนจัดเก็บหนังสือเก่า นว.
บนชั้น
  ขอยืม

BibComment


ยังไม่เคยถูกคอมเมนท์

คอมเมนท์ทรัพยากรรายการนี้
  คอมเมนท์: คู่มือทักษะการสื่..


 Copyright 2026. Bcnsprnw @Library